Global risks at stake from thought to action

Uloženo v:
Podrobná bibliografie
Korporativní autor: Vézelay Group
Médium: Kniha
Jazyk:Undetermined
Vydáno: Newsletter From Vézelay 1991
Témata:
Tagy: Přidat tag
Žádné tagy, Buďte první, kdo otaguje tento záznam!
Thư viện lưu trữ: Trung tâm Học liệu Trường Đại học Cần Thơ
LEADER 00512nam a2200181Ia 4500
001 CTU_23469
008 210402s9999 xx 000 0 und d
082 |a 333.7 
082 |b G562 
110 |a Vézelay Group 
245 0 |a Global risks at stake from thought to action 
245 0 |c Vézelay Group 
260 |b Newsletter From Vézelay 
260 |c 1991 
650 |a Environmental policy,Natural resources 
650 |x Risk 
904 |i Truc 
980 |a Trung tâm Học liệu Trường Đại học Cần Thơ